书目信息 |
| 题名: |
苏州盆景
|
|
| 作者: | 邵忠 编著 | |
| 分册: | ||
| 出版信息: | 北京 中国林业出版社 1999.07 |
|
| 页数: | 89页 | |
| 开本: | 24开 | |
| 丛书名: | ||
| 单 册: | ||
| 中图分类: | S688.1 | |
| 科图分类: | ||
| 主题词: | 观赏园艺 , 花卉 , 园林树木 | |
| 电子资源: | ||
| ISBN: | 7-5038-2225-2 | |
| 000 | 00575nam0 2200217 45 | |
| 001 | 0101051042 | |
| 005 | 20010105104803.9 | |
| 010 | @a7-5038-2225-2@d19.50元 | |
| 100 | @a20010105d1999 km y0chiy0120 ea | |
| 101 | 0 | @achi |
| 105 | @a z 000yy | |
| 200 | 1 | @a苏州盆景@ASu Zhou Pen Jing@f邵忠编著@FShao Zhong Bian Zhu |
| 210 | @a北京@c中国林业出版社@d1999.07 | |
| 215 | @a89页@d24开 | |
| 606 | 0 | @a观赏园艺 |
| 606 | 0 | @a花卉 |
| 606 | 0 | @a园林树木 |
| 690 | @aS688.1@v3 | |
| 701 | 0 | @a邵忠@4编著 |
| 801 | @aCN@bPftUser@c20010105 | |
| 905 | @b518644-648@dS688.1@eSH.311@f5 | |
| 苏州盆景/邵忠编著.-北京:中国林业出版社,1999.07 |
| 89页;24开 |
| ISBN 7-5038-2225-2:19.50元 |
| ● |
| 相关链接 |
|
|
|
正题名:苏州盆景
索取号:S688.1/SH.311
 
预约/预借
| 序号 | 登录号 | 条形码 | 馆藏地/架位号 | 状态 | 备注 |
| 1 | 518644 | 205186449 | 自科库401/401自科库 68排5列1层/ [索取号:S688.1/SH.311] | 在馆 | |
| 2 | 518645 | 205186458 | 自科库401/401自科库 68排5列1层/ [索取号:S688.1/SH.311] | 在馆 | |
| 3 | 518646 | 205186467 | 自科库401/401自科库 68排5列1层/ [索取号:S688.1/SH.311] | 在馆 | |
| 4 | 518647 | 205186476 | 自科库401/401自科库 68排5列1层/ [索取号:S688.1/SH.311] | 在馆 | |
| 5 | 518648 | 205186485 | 自科库401/401自科库 68排5列1层/ [索取号:S688.1/SH.311] | 在馆 |